01166nam a2200193 a 4500008004100000050002000041110006700061245010400128260003800232300000900270350000900279500004500288650004400333995015600377995016200533999001700695952013000712952013000842090518s1975 ||||||||||||||||| || u aGOV.ZAM.H6(058) aGovernment of the Republic of Zambia. Ministry of Home Affairs10aMinistry of home affairs department of national registration annual report (1975, 1977, 1978, 1980) aLusaka:bGovernment Printerc1975 a17p. a0.00 aLIBRARY HOLDINGS: 1975, 1977, 1978, 1980 aMINISTRY OF HOME AFFAIRS--ANNUAL REPORT aSPECIAL COLLECTIONSD0.00e03003980FCBU-MAIN LIBRARY (Kitwe)H1I0.00jGOV.ZAM(058)DNR/1977M1UAVAILABLEWMay 18, 2009y03003980ZZambiana Collection aSPECIAL COLLECTIONSD0.00e03003982FCBU-MAIN LIBRARY (Kitwe)H1I0.00jGOV.ZAM.H6(058)DNR/1977M1977UAVAILABLEWMay 18, 2009y03003982ZZambiana Collection c77690d77690 00102lcc4070a001b001cZambiana Collectiond2023-05-03l0oGOV.ZAM(058)DNR/1977p03003980r2023-05-03t1w2023-05-03y023 00102lcc4070a001b001cZambiana Collectiond2023-05-03l0oGOV.ZAM(058)DNR/1977p03003982r2023-05-03t2w2023-05-03y023